Регионална библиотека "Любен Каравелов" - Русе

В сезоните на моя бяг (Запис номер 106138)

MARC детайли
000 -Лидер
Контролно поле с фиксирана дължина 01088nam a2200325 c 4500
003 - Код на организацията, давaща контролен номер
Контролно поле BLK
005 - Дата и час на последна редакция
Контролно поле 20220225155444.0
008 - Елементи от данни с фиксирана дължина
fixed length control field 180409b bul|||||r ||||||| ||bul||
010 ## - Наследен системен номер
LC control number KNG00111391000
040 ## - Източник на каталожния запис
Идентификатор на билиотеката - собственик на записа BLK
041 ## - Код за език
Код за езика на текст/звукозапис или на отделно заглавие Български
Код за езика КДБФ Български
072 #7 - Код за тематичната категория
Код организация bullib
Код за тематична категория К
Текст Краезнание
072 #7 - Код за тематичната категория
Код организация bullib
Код за тематична категория Я
Текст Автографи
080 ## - УДК
Текстов определител УДК Българска литература
УДК код - определител по УДК 821.163.2
УДК определител -1
УДК - код + определител 821.163.2-1
100 1# - Редна дума - Автор
Автор Манев, Красимир
Авторска отговорност първи автор
R(LIN) 244087
139 ## - Редно поле
Редна дума Манев, Красимир
Авторски знак Ман - М 25
245 10 - Сведения за заглавието
Заглавие В сезоните на моя бяг
Подзаглавни данни Лирика
Редно поле (дума) Красимир Манев; худож. Панчо Панев.
257 ## - Страна на издаване
Страна на създаване/издаване България
260 ## - Област на издателските данни
Име на издателя, разпространителя и проч. Изд. авт.
Година на издаване 2003
300 ## - Физическа характеристика
Страници 53 с.
Илюстрации и др. с ил.
Размери/Мащаб 20 см
380 ## - Жанр
Жанр Худож. лит.
659 ## - Тематичен бюлетин
Тематичен бюлетин К
659 ## - Тематичен бюлетин
Тематичен бюлетин Я
700 1# - Други автори (авторска отговорност)
Лично име Панев, Панчо
Автороска отговорност (Описва отношението между автора и произведението) худож.
9 (RLIN) 367803
852 ## - Местоположение
Форматна сигнатура Цб 218314
852 ## - Местоположение
Форматна сигнатура К 821.163.2/М 25 К
856 4# - Електронен адрес и достъп
Електронен формат pdf - файл
856 4# - Електронен адрес и достъп
Електронен формат pdf - файл
999 ## - СИСТЕМНИ КОНТРОЛНИ НОМЕРА
Koha biblionumber 106138
Koha biblioitemnumber 106138
942 ## - АРТИКУЛИ
Вид на библиотечния материал Книги
Скрит в OPAC Не
Периодичен библиозапис Да
944 ## - СЪЗДАВАНЕ И РЕДАКЦИЯ на ЗАПИСА
Създаване/Редакция Създаване
Дата на регистрацията/редакция 27.02.2004
Служител, извършил регистрацията/редакцията Цветанка_Енчева
944 ## - СЪЗДАВАНЕ И РЕДАКЦИЯ на ЗАПИСА
Създаване/Редакция Редакция
Дата на регистрацията/редакция 20.11.2014
Служител, извършил регистрацията/редакцията Ренета_Константинова
999 ## - СИСТЕМНИ КОНТРОЛНИ НОМЕРА
Koha biblioitemnumber 106138
Наличности
Код за отписване Код за изгубен артикул Код за повреда Коз за рестрикции Код за отдаване Артикулен № Име на библиотеката - собственик Име на библиотеката, в която се намира в момента Статус (Текущо местоположение) Дата на вписване в системата Местоположение - отдел Цена в лева Номерация (Хронология) Инвентарен номер Систематично азбучна сигнатура Баркод Номер на екземпляра Цена в евро Служебна бележка Служебен тип на артикула Източник на класификационната схема
  Не е изгубен Не е повреден без рестрикции ползва се в читалня 171217 Регионална библиотека "Любен Каравелов" Русе Регионална библиотека "Любен Каравелов" Русе Хранилище 2004-02-27 Основен фонд - ползва се само за читалня 2.00 Автограф: Красимир Манев 120000683182 Цб 218314 120000683182 1 1.02 Дост: DA Вид: А N: 4 Дата: 27.02.2004 Книги  
  Не е изгубен Не е повреден без рестрикции ползва се в читалня 171218 Регионална библиотека "Любен Каравелов" Русе Регионална библиотека "Любен Каравелов" Русе Краезнание 2004-02-27 Краезнание 2.00 Автограф: Красимир Манев 120000683183 К 821.163.2/М 25 К 120000683183 2 1.02 Дост: DA Вид: А N: 4 Дата: 27.02.2004 Дата инв: 14.11.2017 Бележки инв: К2017 Книги Universal Decimal Classification
Vip Innovations Ltd, Rousse, Bulgaria 2025